| 000 | 00611nam a2200253Ia 4500 | ||
|---|---|---|---|
| 003 | OSt | ||
| 005 | 20221005114130.0 | ||
| 006 | a|||||r|||| 00| 0 | ||
| 007 | ta | ||
| 008 | 221004b |||||||| |||| 00| 0 tel d | ||
| 024 | _a39936 | ||
| 037 | _cTextual | ||
| 040 |
_aCRL _cCRL _btel |
||
| 041 |
_2tel _atel |
||
| 082 | _aY:351.216, 35M3 | ||
| 100 |
_aSudaram _9625503 |
||
| 245 | 0 | _aAndhulu janapada vignan | |
| 260 | _c1983 | ||
| 300 |
_a532p. _ccm. |
||
| 650 | _a SOCIOLOGY | ||
| 650 | _aCULTURE | ||
| 942 |
_hY:351.216, 35M3 _cTEXL _2cc |
||
| 999 |
_c1030333 _d1030333 |
||